banner koha

Estudo do vigor e germinacao de sementes de feijao mulatinho (Phaseolus vulgaris L.)submetidas a diferentes condicoes de armazenagem (Registro n. 323732)

MARC details
000 -LÍDER
campo de controle de tamanho fixo 01383naa a22003377a 4500
001 - NÚMERO DE CONTROLE
campo de controle BR9401261
003 - IDENTIFICADOR DO NÚMERO DE CONTROLE
campo de controle BR-BrBNA
005 - DATA E HORÁRIO DA ÚLTIMA TRANSAÇÃO
campo de controle 20240918181129.0
007 - CAMPO FIXO DE DESCRIÇÃO FÍSICA--INFORMAÇÃO GERAL
campo de controle de tamanho fixo ta
008 - CAMPO DE DADOS FIXOS--INFORMAÇÃO GERAL
campo de controle de tamanho fixo 230509b bl.||||| |||| 00| 0 por d
040 ## - FONTE DA CATALOGAÇÃO
Instituição da catalogação original BR-BrBNA
Idioma da catalogação por
Instituição que transcreveu o registro Biblioteca Nacional de Agricultura
041 ## - CÓDIGO DE IDIOMA
Código do idioma do texto/trilha sonora ou título diferente (Pt)
072 ## - CÓDIGO DE CATEGORIA DE ASSUNTO
Código de Categoria de Assunto J11
Código do objeto 1410
-- 3575
090 ## - NÚMERO DE CHAMADA LOCAL
Número de chamada J11 BR9401261
100 1# - ENTRADA PRINCIPAL--NOME PESSOAL
Nome pessoal Cirne, L.E. da M.R.
100 1# - ENTRADA PRINCIPAL--NOME PESSOAL
Nome pessoal Mata, M.E.R.M.C.
100 1# - ENTRADA PRINCIPAL--NOME PESSOAL
Nome pessoal Scaico, M.A.
111 1# - ENTRADA PRINCIPAL--NOME DO EVENTO
Nome do evento ou lugar 21. Congresso Brasileiro de Engenharia Agricola1. Simposio de Engenharia Agricola do Cone Sul
Local do evento Santa Maria, RS (Brazil)
Data do evento ou assinatura do tratado 27-31 Jul 1992
245 1# - TÍTULO
Título Estudo do vigor e germinacao de sementes de feijao mulatinho (Phaseolus vulgaris L.)submetidas a diferentes condicoes de armazenagem
260 3# - PUBLICAÇÃO, DISTRIBUIÇÃO, ETC.
Local de publicação, distribuição, etc. Santa Maria, RS (Brasil):
Data da publicação, distribuição, etc. 1992.
500 ## - NOTA GERAL
Nota geral 21. Congresso Brasileiro de Engenharia Agricola e 1. Simposio de Engenharia Agricola do Cone Sul<br/>Santa Maria, RS (Brasil): 1992. v. 4 p. 1918-1932<br/>(BR9401261-AM)J11<br/>
650 ## - ASSUNTO--TERMO TÓPICO
Cabeçalho tópico ou nome geográfico Feijao
650 ## - ASSUNTO--TERMO TÓPICO
Cabeçalho tópico ou nome geográfico Semente
650 ## - ASSUNTO--TERMO TÓPICO
Cabeçalho tópico ou nome geográfico Armazenamento
650 ## - ASSUNTO--TERMO TÓPICO
Cabeçalho tópico ou nome geográfico Silo
650 ## - ASSUNTO--TERMO TÓPICO
Cabeçalho tópico ou nome geográfico Tratamento
650 ## - ASSUNTO--TERMO TÓPICO
Cabeçalho tópico ou nome geográfico Poder Germinativo
773 0# - ENTRADA ANALÍTICA
Título 21. Congresso Brasileiro de Engenharia Agricola e 1. Simposio de Engenharia Agricola do Cone Sul
Número de controle do registro J11 BR9401261
Partes relacionadas Santa Maria, RS (Brasil), 1992. v. 4 p. 1918-1932
909 ## -
-- 202404
-- Lucia
-- 55
-- Lucia Elande
942 ## - ELEMENTOS DE ENTRADA ADICIONADOS (KOHA)
Tipo de material Koha Capítulo-Livro
Fonte da classificação ou esquema de arquivamento na estante Classificação AGRIS
Exemplares
Situação do descarte Fonte da classificação ou esquema de arquivamento na estante Situação física Não pode ser emprestado Coleção Biblioteca de origem Biblioteca atual Localização na estante Total de empréstimos Número de telefone completo Data de último acesso Número do exemplar Tipo de material Koha Situação das perdas Data de aquisição Fonte de aquisição
  Classificação AGRIS       Biblioteca Nacional de Agricultura - Binagri Biblioteca Nacional de Agricultura - Binagri Agrobase - Acervo Geral   N01 BR9401101 20/05/2024 01 Capítulo-Livro   2024-04-11 Portaria Interministerial nº 164/94

BINAGRI

Telefone: (61)3218-2567/2388/3357/2097 - binagri@agro.gov.br

Ministério da Agricultura e Pecuária , Esplanada dos Ministérios, Bloco D, Anexo B, Brasília/DF, CEP: 70.043-900